[Event "28th Chicago Open"]
[Site "Chicago"]
[Date "2019.05.26"]
[Round "6"]
[White "Vazquez, Guillermo"]
[Black "Torres Rosas, Luis Carlos"]
[Result "1/2-1/2"]
[WhiteElo "2497"]
[BlackElo "2320"]
[PlyCount "70"]
[EventDate "2019.05.??"]
[EventType "swiss"]
[EventRounds "9"]
[EventCountry "USA"]

1. e4 e6 2. d4 d5 3. Nd2 c5 4. exd5 Qxd5 5. Ngf3 cxd4 6. Bc4 Qd6 7. O-O Nf6 8.
Nb3 Nc6 9. Nbxd4 Nxd4 10. Nxd4 a6 11. Re1 Qc7 12. Bf1 Bd6 13. Nf5 Bxh2+ 14. Kh1
Kf8 15. Qd4 exf5 16. Qxf6 h5 17. Qd4 Bd6 18. Bc4 Bd7 19. Bg5 Re8 20. Rad1 Rxe1+
21. Rxe1 Bc6 22. Rd1 Be7 23. Bf4 Qa5 24. Be5 Rh7 25. Bd6 Qd8 26. Qc5 Rh6 27.
Qxf5 Rf6 28. Bxe7+ Qxe7 29. Qh7 Rh6 30. Qd3 Rf6 31. Kg1 Qc5 32. Qd8+ Be8 33.
Qd4 Rc6 34. Bb3 Qxd4 35. Rxd4 Rc5 1/2-1/2

[Event "28th Chicago Open"]
[Site "Chicago"]
[Date "2019.05.26"]
[Round "6"]
[White "Shetty, Atulya"]
[Black "Homa, Seth"]
[Result "1-0"]
[WhiteElo "2420"]
[BlackElo "2245"]
[PlyCount "89"]
[EventDate "2019.05.??"]
[EventType "swiss"]
[EventRounds "9"]
[EventCountry "USA"]

1. Nf3 d5 2. b3 Nf6 3. Bb2 Bg4 4. e3 c6 5. Be2 Nbd7 6. O-O e6 7. h3 Bh5 8. c4
Bd6 9. Nc3 O-O 10. d3 a5 11. cxd5 exd5 12. e4 Re8 13. exd5 Nxd5 14. Nxd5 cxd5
15. Nd4 Bxe2 16. Nxe2 Nc5 17. Nc3 Qg5 18. Qf3 Qe5 19. g3 Rad8 20. d4 Qxd4 21.
Rad1 Qe5 22. Rxd5 Qe6 23. Rfd1 Be7 24. Ba3 b6 25. Rxd8 Bxd8 26. Bxc5 bxc5 27.
Kg2 c4 28. bxc4 Qxc4 29. Qa8 Qc7 30. Rd3 Kf8 31. Nb5 Qc4 32. Rxd8 Qxb5 33.
Rxe8+ Qxe8 34. Qxa5 Qe4+ 35. Kh2 f5 36. a4 Qc2 37. Qa8+ Kf7 38. Qa7+ Kf6 39. a5
g5 40. Qb6+ Ke5 41. a6 Qa2 42. a7 f4 43. gxf4+ Kf5 44. Qc5+ Ke6 45. Qc6+ 1-0

[Event "28th Chicago Open"]
[Site "Chicago"]
[Date "2019.05.26"]
[Round "6"]
[White "Padhya Saumil"]
[Black "Song, Edward"]
[Result "1/2-1/2"]
[WhiteElo "2188"]
[BlackElo "2387"]
[PlyCount "82"]
[EventDate "2019.05.??"]
[EventType "swiss"]
[EventRounds "9"]
[EventCountry "USA"]

1. e4 e5 2. Nf3 Nc6 3. Bb5 a6 4. Ba4 Nf6 5. d3 d6 6. c3 g6 7. Nbd2 Bg7 8. O-O
O-O 9. Re1 Nd7 10. Nf1 Nc5 11. Bc2 Ne6 12. Ne3 Bd7 13. Bb3 Kh8 14. Bxe6 Bxe6
15. d4 Bd7 16. h3 b5 17. dxe5 Nxe5 18. Nxe5 dxe5 19. Ng4 h5 20. Nh2 Be6 21.
Qxd8 Rfxd8 22. Nf3 f6 23. Be3 Bf8 24. Nd2 c5 25. Nb3 Rdc8 26. f4 a5 27. fxe5
fxe5 28. Bg5 a4 29. Nd2 b4 30. a3 bxc3 31. bxc3 Bg7 32. Nf3 Rab8 33. Red1 Rb3
34. Rd6 Bf7 35. Bd2 Rb2 36. Ra6 Be8 37. Re1 Rb3 38. Ra1 Rb2 39. Rd6 c4 40. Rd5
Rcb8 41. Rc5 Bf7 1/2-1/2

[Event "28th Chicago Open"]
[Site "Chicago"]
[Date "2019.05.26"]
[Round "6"]
[White "Talukdar, Rohan"]
[Black "Graif, William"]
[Result "1-0"]
[WhiteElo "2395"]
[BlackElo "2210"]
[PlyCount "127"]
[EventDate "2019.05.??"]
[EventType "swiss"]
[EventRounds "9"]
[EventCountry "USA"]

1. e4 c5 2. Nf3 Nc6 3. d4 cxd4 4. Nxd4 g6 5. c4 Nf6 6. Nc3 d6 7. f3 Nxd4 8.
Qxd4 Bg7 9. Be3 O-O 10. Qd2 Qa5 11. Rc1 a6 12. b3 Bd7 13. Be2 b5 14. O-O Rfc8
15. Rc2 Be6 16. cxb5 axb5 17. Rfc1 b4 18. Na4 Rxc2 19. Rxc2 Nd7 20. Bc4 Kf8 21.
Bxe6 fxe6 22. f4 Bc3 23. Qf2 Nf6 24. Nxc3 bxc3 25. Qf3 Qh5 26. Qxh5 gxh5 27. e5
Ng4 28. Bb6 dxe5 29. fxe5 Nxe5 30. Bd4 Nd3 31. Bxc3 e5 32. Bd2 Kf7 33. Kf1 Ke6
34. Ke2 e4 35. Ke3 Kd5 36. Rc4 Rxa2 37. Rd4+ Kc6 38. Rxe4 Nc5 39. Rc4 Ra3 40.
Kd4 e5+ 41. Kxe5 Rxb3 42. Rc2 Rb2 43. Rxb2 Nd3+ 44. Kf6 Nxb2 45. Kg7 Nc4 46.
Bg5 Kd5 47. Kxh7 Ne5 48. h3 Nd3 49. Bd2 Nf2 50. Kg6 Ne4 51. Be1 Ke6 52. Kxh5
Kf5 53. g4+ Kf4 54. Kg6 Kf3 55. g5 Kf4 56. h4 Kg4 57. h5 Nxg5 58. h6 Ne6 59.
Bb4 Nf4+ 60. Kf6 Kh5 61. h7 Ng6 62. Bd2 Nh8 63. Kg7 Ng6 64. Bc1 1-0

[Event "28th Chicago Open"]
[Site "Chicago"]
[Date "2019.05.26"]
[Round "6"]
[White "Canty, James"]
[Black "Daggupati, Balaji"]
[Result "1-0"]
[WhiteElo "2222"]
[BlackElo "2367"]
[PlyCount "107"]
[EventDate "2019.05.??"]
[EventType "swiss"]
[EventRounds "9"]
[EventCountry "USA"]

1. e4 c5 2. c3 b6 3. d4 Bb7 4. Bd3 Nf6 5. f3 cxd4 6. cxd4 Nc6 7. Ne2 e5 8. d5
Nb4 9. O-O Bc5+ 10. Kh1 Nxd3 11. Qxd3 O-O 12. Nbc3 Ne8 13. f4 exf4 14. Bxf4 d6
15. Ng3 Bc8 16. Nce2 Nc7 17. Rfb1 a5 18. Nd4 Qf6 19. Ndf5 g6 20. Nh6+ Kh8 21.
Bd2 Qg7 22. Qf3 Bd4 23. Ne2 Be5 24. Rf1 f6 25. Ng4 Bxg4 26. Qxg4 Rae8 27. Rac1
Bxb2 28. Rb1 f5 29. Qh3 fxe4 30. Rxf8+ Qxf8 31. Rxb2 Nxd5 32. Be3 Qf1+ 33. Ng1
Nxe3 34. Qxe3 Qd3 35. Qxb6 e3 36. Qc7 g5 37. Rb7 Qg6 38. Qc3+ Kg8 39. Ne2 d5
40. Qd4 h6 41. Qxd5+ Qe6 42. Qd4 Re7 43. Qd8+ Re8 44. Qxa5 Qc6 45. Rc7 Qd6 46.
Qc3 Re7 47. Rxe7 Qxe7 48. a4 Qe4 49. a5 Qb1+ 50. Ng1 Qa2 51. Qc8+ Kg7 52. a6 e2
53. Qb7+ Kf8 54. Qf3+ 1-0

[Event "28th Chicago Open"]
[Site "Chicago"]
[Date "2019.05.26"]
[Round "6"]
[White "Posthuma, Joshua"]
[Black "Zhou, Aiden"]
[Result "1-0"]
[WhiteElo "2327"]
[BlackElo "1926"]
[PlyCount "113"]
[EventDate "2019.05.??"]
[EventType "swiss"]
[EventRounds "9"]
[EventCountry "USA"]

1. d4 Nf6 2. c4 Nc6 3. Nf3 e6 4. g3 d5 5. Bg2 dxc4 6. Qa4 Bb4+ 7. Bd2 Nd5 8.
Bxb4 Ndxb4 9. O-O Rb8 10. Nc3 a6 11. Ne5 O-O 12. Nxc6 Nxc6 13. Bxc6 bxc6 14.
Qxc4 Rxb2 15. Rab1 Rxb1 16. Rxb1 Qd6 17. Rb8 e5 18. dxe5 Qxe5 19. Qxc6 Bg4 20.
Qa8 Qc5 21. Nd5 f6 22. Rxf8+ Qxf8 23. Qc6 Qf7 24. f3 Bd7 25. Qa8+ Qe8 26. Qxe8+
Bxe8 27. Nxc7 Bf7 28. a3 Bc4 29. e4 Kf7 30. Kf2 Ke7 31. Ke3 Kd7 32. Nd5 Kc6 33.
Kd4 Be2 34. f4 Bf3 35. Nb4+ Kb5 36. e5 a5 37. exf6 gxf6 38. Nd5 Bxd5 39. Kxd5
Ka4 40. f5 Kxa3 41. g4 h6 42. Ke6 Kb3 43. Kxf6 a4 44. Kg6 a3 45. f6 a2 46. f7
a1=Q 47. f8=Q Qg1 48. Qf3+ Kc2 49. h4 Qb6+ 50. Kh5 Kd2 51. Qf4+ Kd3 52. Qxh6
Qb5+ 53. Qg5 Qb7 54. Qf5+ Ke3 55. g5 Qg7 56. Qe6+ Kd3 57. Qg6+ 1-0

[Event "28th Chicago Open"]
[Site "Chicago"]
[Date "2019.05.26"]
[Round "6"]
[White "Yanayt, Eugene"]
[Black "Narayanan, Samrug"]
[Result "1/2-1/2"]
[WhiteElo "2263"]
[BlackElo "2101"]
[PlyCount "128"]
[EventDate "2019.05.??"]
[EventType "swiss"]
[EventRounds "9"]
[EventCountry "USA"]

1. d4 d5 2. c4 e6 3. Nf3 Nf6 4. g3 dxc4 5. Bg2 Nc6 6. O-O Rb8 7. Qc2 b5 8. b3
Bb7 9. bxc4 Nxd4 10. Nxd4 Qxd4 11. Bxb7 Rxb7 12. cxb5 Qc5 13. Nc3 Nd5 14. Bd2
Nxc3 15. Bxc3 f6 16. a4 c6 17. Rfd1 Kf7 18. Rac1 cxb5 19. Qe4 Rc7 20. Qf4 Rb7
21. Qf3 Qb6 22. Bd4 Qa6 23. Qe4 Re7 24. Bc5 Qb7 25. Qf4 Rd7 26. Rxd7+ Qxd7 27.
Bxf8 e5 28. Qe4 Rxf8 29. axb5 Qxb5 30. Rc7+ Kg8 31. Qg4 Qb1+ 32. Kg2 Qg6 33.
Qe6+ Kh8 34. Rc8 Qe4+ 35. Kh3 Qb4 36. Qd7 h5 37. Rc7 Qg4+ 38. Qxg4 hxg4+ 39.
Kxg4 Ra8 40. Kf5 a5 41. Rc3 a4 42. Ra3 Kh7 43. g4 Ra6 44. h4 g6+ 45. Ke4 Ra8
46. Kd5 Kg7 47. f3 Rd8+ 48. Ke6 Re8+ 49. Kd7 Ra8 50. Kc6 Kf7 51. Kb5 Rb8+ 52.
Kxa4 Rh8 53. Kb4 Rxh4 54. Kc5 Rh8 55. Ra7+ Ke6 56. Ra6+ Kf7 57. Kd5 g5 58. Ra7+
Kg6 59. Ke6 Re8+ 60. Kd7 Rb8 61. Ke7 Rb6 62. Rd7 Ra6 63. Rd6 Ra7+ 64. Ke6 Rb7
1/2-1/2

[Event "28th Chicago Open"]
[Site "Chicago"]
[Date "2019.05.26"]
[Round "6"]
[White "Quesada Perez, Yuniesky"]
[Black "Hevia Alejano, Carlos Antonio"]
[Result "1-0"]
[WhiteElo "2622"]
[BlackElo "2471"]
[PlyCount "69"]
[EventDate "2019.05.??"]
[EventType "swiss"]
[EventRounds "9"]
[EventCountry "USA"]

1. e4 e6 2. d4 d5 3. e5 c5 4. c3 Nc6 5. Nf3 Qb6 6. a3 f6 7. Bd3 fxe5 8. dxe5
Nge7 9. O-O g6 10. c4 Bg7 11. Nc3 O-O 12. Bg5 Rf7 13. cxd5 Nxd5 14. Re1 Nxc3
15. bxc3 Bd7 16. Bh4 Rxf3 17. Qxf3 Nxe5 18. Qe2 Nxd3 19. Qxd3 Bb5 20. Qe3 Bc4
21. Bg3 Bd5 22. Be5 Bxe5 23. Qxe5 Rf8 24. h4 Qb2 25. Qg3 Rf5 26. c4 Bxc4 27.
Rab1 Qg7 28. Qb8+ Rf8 29. Rxb7 Qd4 30. Qg3 Bd5 31. Rc7 c4 32. h5 Qd2 33. Re5
Rb8 34. Kh2 Rb3 35. Qh4 1-0

[Event "28th Chicago Open"]
[Site "Chicago"]
[Date "2019.05.25"]
[Round "5"]
[White "Hevia Alejano, Carlos Antonio"]
[Black "Shimanov, Aleksandr"]
[Result "1/2-1/2"]
[WhiteElo "2471"]
[BlackElo "2614"]
[PlyCount "65"]
[EventDate "2019.05.??"]
[EventType "swiss"]
[EventRounds "9"]
[EventCountry "USA"]

1. d4 Nf6 2. Nf3 d5 3. c4 e6 4. e3 a6 5. b3 c5 6. Nbd2 dxc4 7. bxc4 b6 8. Bd3
Bb7 9. O-O Be7 10. Bb2 O-O 11. Ne5 Nc6 12. Ndf3 Nxe5 13. Nxe5 cxd4 14. exd4 b5
15. Qb3 Rb8 16. c5 Bd5 17. Qc2 g6 18. Rae1 Nh5 19. Qd2 Ng7 20. Bc3 Bg5 21. f4
Bh4 22. Re3 f5 23. c6 Qb6 24. Bb4 Rfc8 25. Nd7 Qxc6 26. Nxb8 Rxb8 27. Rc1 Qd7
28. Be2 Bf6 29. Rd1 Ne8 30. Bf3 Nc7 31. Bc5 Bxf3 32. Rxf3 Nd5 33. Kh1 1/2-1/2

[Event "28th Chicago Open"]
[Site "Chicago"]
[Date "2019.05.25"]
[Round "5"]
[White "Gabuzyan, Hovhannes"]
[Black "Larson, Matthew"]
[Result "1-0"]
[WhiteElo "2613"]
[BlackElo "2403"]
[PlyCount "75"]
[EventDate "2019.05.??"]
[EventType "swiss"]
[EventRounds "9"]
[EventCountry "USA"]

1. Nf3 c5 2. e4 d6 3. d4 cxd4 4. Nxd4 Nf6 5. Nc3 a6 6. Be2 e5 7. Nf3 h6 8. Nd2
Be7 9. a4 Be6 10. Nc4 Qc7 11. Nd5 Nxd5 12. exd5 Bf5 13. a5 Nd7 14. Be3 O-O 15.
O-O Bg6 16. Ra3 f5 17. Rc3 Qd8 18. f4 Rc8 19. Kh1 Kh7 20. Rb3 exf4 21. Bxf4 Nc5
22. Rb6 Rf6 23. b4 Ne4 24. Rxb7 Be8 25. Nb6 Rc3 26. Bxa6 Rg6 27. Bd3 Bg5 28.
Qc1 Bf6 29. Bd2 Be5 30. Bxc3 Bxh2 31. Be1 Bg3 32. Bxg3 Nxg3+ 33. Kg1 Qh4 34.
Qf4 Qh1+ 35. Kf2 Nxf1 36. Bxf1 Qh5 37. Kg1 Rg4 38. Qf3 1-0

[Event "28th Chicago Open"]
[Site "Chicago"]
[Date "2019.05.25"]
[Round "5"]
[White "Shabalov, Alexander"]
[Black "Talukdar, Rohan"]
[Result "1-0"]
[WhiteElo "2528"]
[BlackElo "2395"]
[PlyCount "81"]
[EventDate "2019.05.??"]
[EventType "swiss"]
[EventRounds "9"]
[EventCountry "USA"]

1. c4 Nf6 2. Nc3 d5 3. d4 g6 4. cxd5 Nxd5 5. e4 Nxc3 6. bxc3 Bg7 7. Bc4 c5 8.
Ne2 Nc6 9. Be3 O-O 10. O-O Na5 11. Bd3 b6 12. Qd2 e5 13. Bh6 cxd4 14. cxd4 exd4
15. Bxg7 Kxg7 16. f4 f6 17. Rac1 Qd6 18. Qb2 Bg4 19. Ng3 Bd7 20. Rcd1 Rad8 21.
h3 Bc6 22. Qe2 Nb7 23. e5 fxe5 24. fxe5 Qc7 25. Rf6 Nc5 26. Rdf1 Nxd3 27. Qxd3
Rxf6 28. exf6+ Kf8 29. Rf2 Qf7 30. Ne2 Qxa2 31. Nf4 Qf7 32. Qa3+ Kg8 33. Nd3
Re8 34. Qd6 Re6 35. Qxd4 Re4 36. Qc3 Rc4 37. Qb2 Re4 38. Ne5 Rxe5 39. Qxe5 h5
40. Qd6 Bd5 41. Re2 1-0

[Event "28th Chicago Open"]
[Site "Chicago"]
[Date "2019.05.25"]
[Round "5"]
[White "Mitkov, Nikola"]
[Black "Posthuma, Joshua"]
[Result "1-0"]
[WhiteElo "2500"]
[BlackElo "2327"]
[PlyCount "117"]
[EventDate "2019.05.??"]
[EventType "swiss"]
[EventRounds "9"]
[EventCountry "USA"]

1. e4 c6 2. Nc3 d5 3. Nf3 Nf6 4. e5 Ne4 5. Nxe4 dxe4 6. Ng5 Qd5 7. d4 exd3 8.
Bxd3 Qxe5+ 9. Be3 h6 10. Nf3 Qa5+ 11. Bd2 Qd5 12. Qe2 Bf5 13. Bxf5 Qxf5 14.
O-O-O Nd7 15. Bc3 e6 16. g4 Qf4+ 17. Kb1 O-O-O 18. Ba5 b6 19. Bc3 Qc7 20. Ne5
Nxe5 21. Rxd8+ Qxd8 22. Bxe5 Bd6 23. Bxg7 Rg8 24. Bxh6 Qh4 25. Qd2 Bc7 26. h3
Rxg4 27. Qe2 Ra4 28. Be3 Qc4 29. Qxc4 Rxc4 30. h4 Bf4 31. b3 Re4 32. h5 Bxe3
33. fxe3 Rg4 34. h6 Rg8 35. Kb2 Kd7 36. Kc3 Ke7 37. a4 f6 38. b4 Rh8 39. Kd4
Kf7 40. c4 Rd8+ 41. Kc3 Kg6 42. h7 Rh8 43. Rg1+ Kf7 44. Rd1 Rxh7 45. Rd7+ Kg6
46. Rd6 Kf5 47. Rxc6 Ke5 48. a5 bxa5 49. b5 f5 50. Ra6 Rd7 51. Rxa5 Ke4 52. Ra1
e5 53. c5 Kxe3 54. c6 Re7 55. Kc4 f4 56. Kd5 f3 57. Kd6 Re8 58. Rxa7 e4 59. b6
1-0

[Event "28th Chicago Open"]
[Site "Chicago"]
[Date "2019.05.25"]
[Round "5"]
[White "Griffith, Kyron"]
[Black "Vazquez, Guillermo"]
[Result "1/2-1/2"]
[WhiteElo "2349"]
[BlackElo "2497"]
[PlyCount "51"]
[EventDate "2019.05.??"]
[EventType "swiss"]
[EventRounds "9"]
[EventCountry "USA"]

1. e4 c6 2. d4 d5 3. exd5 cxd5 4. Bd3 Nc6 5. c3 Nf6 6. Bf4 Bg4 7. Nf3 e6 8.
Nbd2 Bd6 9. Bxd6 Qxd6 10. O-O O-O 11. h3 Bh5 12. Qe2 Rab8 13. a4 Qc7 14. Qe3
Bg6 15. Bxg6 hxg6 16. Rfe1 a6 17. Ne5 Rfc8 18. Nd3 b6 19. g4 Na5 20. Ne5 Qe7
21. Qe2 Ra8 22. Kg2 Nd7 23. Nxd7 Qxd7 24. g5 Nc4 25. Nxc4 dxc4 26. h4 1/2-1/2

[Event "28th Chicago Open"]
[Site "Chicago"]
[Date "2019.05.25"]
[Round "5"]
[White "Korley, Kassa"]
[Black "Homa, Seth"]
[Result "1/2-1/2"]
[WhiteElo "2468"]
[BlackElo "2245"]
[PlyCount "153"]
[EventDate "2019.05.??"]
[EventType "swiss"]
[EventRounds "9"]
[EventCountry "USA"]

1. Nf3 d5 2. g3 Nf6 3. Bg2 e6 4. O-O c5 5. c4 dxc4 6. Na3 Nc6 7. Nxc4 Be7 8. b3
O-O 9. Bb2 Qc7 10. Rc1 Rd8 11. Nfe5 Bd7 12. Nxd7 Qxd7 13. d3 Rac8 14. Ne5 Nxe5
15. Bxe5 Nd5 16. Qd2 Bf6 17. Bxf6 Nxf6 18. Qa5 b6 19. Qa6 Nd5 20. a3 Rc7 21.
Rc2 Rdc8 22. Rfc1 Ne7 23. e3 h6 24. h4 Qd6 25. Be4 g6 26. Qc4 Nd5 27. Bxd5 exd5
28. Qf4 Qxf4 29. gxf4 a5 30. a4 Kg7 31. Kg2 Kf6 32. Kf3 Rd7 33. Rh1 Rdc7 34. h5
g5 35. fxg5+ hxg5 36. Kg4 Rg8 37. h6 Kg6 38. e4 dxe4 39. dxe4 Re7 40. f3 Rh8
41. Rd2 Rxh6 42. Rxh6+ Kxh6 43. Kf5 Re6 44. e5 Kg7 45. Rd6 Re7 46. Rxb6 c4 47.
bxc4 Rc7 48. Kxg5 Rxc4 49. Rb7 Kf8 50. f4 Rxa4 51. Ra7 f6+ 52. Kxf6 Rxf4+ 53.
Ke6 Re4 54. Rxa5 Re1 55. Ra8+ Kg7 56. Rd8 Re2 57. Re8 Ra2 58. Rd8 Re2 59. Rc8
Re1 60. Rc6 Kf8 61. Rc2 Re3 62. Rh2 Re1 63. Rh5 Re2 64. Rh8+ Kg7 65. Rb8 Re1
66. Kd6 Kf7 67. Rb7+ Ke8 68. Re7+ Kf8 69. Kd7 Rd1+ 70. Ke6 Re1 71. Rf7+ Ke8 72.
Rf5 Re2 73. Kf6 Kf8 74. e6 Re1 75. e7+ Rxe7 76. Re5 Rxe5 77. Kxe5 1/2-1/2

[Event "28th Chicago Open"]
[Site "Chicago"]
[Date "2019.05.25"]
[Round "5"]
[White "Lehmann, Spencer"]
[Black "Santarius, Erik"]
[Result "0-1"]
[WhiteElo "2289"]
[BlackElo "2396"]
[PlyCount "92"]
[EventDate "2019.05.??"]
[EventType "swiss"]
[EventRounds "9"]
[EventCountry "USA"]

1. d4 f5 2. Nc3 Nf6 3. Bg5 d5 4. Bxf6 exf6 5. e3 Be6 6. Bd3 Nc6 7. Nge2 Qd7 8.
a3 g5 9. Qd2 h5 10. Na4 b6 11. Nac3 h4 12. O-O-O O-O-O 13. Kb1 Na5 14. Nc1 c6
15. Nb3 Nc4 16. Qe2 Bd6 17. Bxc4 dxc4 18. Nc5 Bxc5 19. dxc5 Qc7 20. cxb6 axb6
21. h3 Qe5 22. Qf3 Kc7 23. Rd4 Rxd4 24. exd4 Qxd4 25. Re1 Re8 26. Qh5 Qd7 27.
Qh6 Qd8 28. f4 Bd7 29. Rxe8 Bxe8 30. fxg5 fxg5 31. Qg7+ Bd7 32. Qe5+ Kb7 33.
Qd4 Qe7 34. Qf2 Qf6 35. Qd2 Kc7 36. Na4 Qe7 37. Nc3 f4 38. Qd4 f3 39. gxf3 Bxh3
40. Na4 c5 41. Qd5 Bd7 42. Qa8 Qe1+ 43. Ka2 Qa5 44. Qxa5 bxa5 45. Nxc5 h3 46.
Ne4 h2 0-1

[Event "28th Chicago Open"]
[Site "Chicago"]
[Date "2019.05.25"]
[Round "5"]
[White "Harmon-Vellotti, Luke"]
[Black "Yanayt, Eugene"]
[Result "1-0"]
[WhiteElo "2421"]
[BlackElo "2263"]
[PlyCount "169"]
[EventDate "2019.05.??"]
[EventType "swiss"]
[EventRounds "9"]
[EventCountry "USA"]

1. e4 c5 2. Nf3 d6 3. d4 cxd4 4. Nxd4 Nf6 5. Nc3 g6 6. Be3 Bg7 7. f3 Nc6 8. Qd2
O-O 9. O-O-O d5 10. Qe1 e5 11. Nxc6 bxc6 12. exd5 Nxd5 13. Bc4 Be6 14. Kb1 Rb8
15. Ne4 f5 16. Ng5 Bc8 17. Bb3 f4 18. Bc5 Qxg5 19. Bxf8 Kxf8 20. Qa5 Qe7 21.
Rxd5 cxd5 22. Qxd5 Ke8 23. Rd1 Bd7 24. a4 Rd8 25. a5 Bf5 26. Ba4+ Bd7 27. Bb3
Qf6 28. Qb7 Qc6 29. Qxa7 Ra8 30. Bf7+ Ke7 31. Rxd7+ Qxd7 32. Qxa8 Kxf7 33. a6
Bf8 34. Qe4 Qb5 35. a7 Qf1+ 36. Ka2 Qa6+ 37. Kb3 Qb6+ 38. Kc4 Qxa7 39. Qxe5
Qa4+ 40. Kd3 Qa6+ 41. c4 Bd6 42. Qd5+ Kf6 43. b3 Qa3 44. Ke4 Qb4 45. Qd4+ Ke6
46. Qd5+ Ke7 47. Qg5+ Kd7 48. Qb5+ Qxb5 49. cxb5 Ke6 50. b6 Be5 51. b7 g5 52.
h3 h5 53. b4 h4 54. b5 Bc7 55. Kd4 Bb6+ 56. Kc4 Ba7 57. b6 Bb8 58. Kc5 Be5 59.
Kc4 Bd6 60. Kd4 Bb8 61. Kc5 Be5 62. Kc4 Kd7 63. Kd5 Bb8 64. Kc5 Ke6 65. Kc4 Kd6
66. Kd4 Kc6 67. Ke4 Kxb6 68. Kf5 Kxb7 69. Kxg5 Kc6 70. Kxh4 Kd5 71. Kg5 Kd4 72.
h4 Ke3 73. h5 Kf2 74. h6 Be5 75. Kf5 Bc3 76. Kg4 Kxg2 77. h7 Be5 78. Kf5 Bh8
79. Kxf4 Kh3 80. Kg5 Kg3 81. f4 Kf3 82. f5 Ke4 83. f6 Ke5 84. f7 Bf6+ 85. Kg6
1-0

[Event "28th Chicago Open"]
[Site "Chicago"]
[Date "2019.05.25"]
[Round "5"]
[White "Petesch, Gabriel"]
[Black "Shetty, Atulya"]
[Result "0-1"]
[WhiteElo "2264"]
[BlackElo "2420"]
[PlyCount "95"]
[EventDate "2019.05.??"]
[EventType "swiss"]
[EventRounds "9"]
[EventCountry "USA"]

1. e3 d5 2. Nf3 Nf6 3. c4 c6 4. b3 g6 5. Bb2 Bg7 6. Be2 O-O 7. O-O Bg4 8. h3
Bxf3 9. Bxf3 e6 10. d3 Nbd7 11. Qe2 Qc7 12. Nc3 Ne5 13. d4 Nxf3+ 14. Qxf3 Rfd8
15. Rfd1 Qa5 16. Rac1 Ne8 17. a3 Qb6 18. b4 dxc4 19. Ne4 Qa6 20. Nc5 Qb5 21. a4
Qb6 22. Ba1 Nd6 23. e4 Qc7 24. e5 Nf5 25. Rxc4 Rd5 26. g4 Ne7 27. Ne4 Rad8 28.
Rdc1 a6 29. h4 Nc8 30. h5 Qe7 31. h6 Bxh6 32. Qh3 Bg7 33. Kg2 f5 34. exf6 Bxf6
35. R4c3 Nd6 36. Nxf6+ Qxf6 37. Rf3 Qg5 38. Re1 Nf5 39. Kf1 Ng7 40. Bb2 Qe7 41.
Bc3 Rf8 42. Rfe3 h5 43. gxh5 Rxh5 44. Qg2 Rg5 45. Qh2 Rh5 46. Qg2 Qh4 47. Rg3
Rhf5 48. Re2 0-1

[Event "28th Chicago Open"]
[Site "Chicago"]
[Date "2019.05.25"]
[Round "5"]
[White "Quirke, Jeffrey"]
[Black "Canty, James"]
[Result "0-1"]
[WhiteElo "2112"]
[BlackElo "2222"]
[PlyCount "70"]
[EventDate "2019.05.??"]
[EventType "swiss"]
[EventRounds "9"]
[EventCountry "USA"]

1. d4 Nf6 2. c4 g6 3. Nc3 Bg7 4. e4 d6 5. Be2 O-O 6. Be3 e5 7. d5 Na6 8. g4 Nc5
9. f3 a5 10. h4 h5 11. g5 Nh7 12. b3 c6 13. Nh3 f5 14. Nf2 cxd5 15. cxd5 Bd7
16. Nd3 b6 17. Qd2 fxe4 18. fxe4 Rc8 19. Rc1 Rb8 20. Rf1 Qc8 21. b4 Rxf1+ 22.
Bxf1 axb4 23. Nxb4 Ra8 24. Qb2 Bh3 25. Nc6 Qg4 26. Qf2 Nxg5 27. hxg5 Rf8 28.
Bxc5 Rxf2 29. Bxf2 Qxg5 30. Rc2 Bxf1 31. Kxf1 h4 32. Bxb6 h3 33. Bg1 Qg3 34.
Nb4 Bh6 35. a4 Bd2 0-1

[Event "28th Chicago Open"]
[Site "Chicago"]
[Date "2019.05.25"]
[Round "4"]
[White "Swiercz, Dariusz"]
[Black "Quesada Perez, Yasser"]
[Result "1/2-1/2"]
[WhiteElo "2667"]
[BlackElo "2558"]
[PlyCount "42"]
[EventDate "2019.05.??"]
[EventType "swiss"]
[EventRounds "9"]
[EventCountry "USA"]

1. e4 e5 2. Nf3 Nc6 3. Bc4 Bc5 4. d3 Nf6 5. O-O O-O 6. c3 d6 7. Re1 h6 8. h3 a6
9. a4 Ba7 10. Nbd2 Ne7 11. d4 Ng6 12. Bf1 Re8 13. Qc2 Nh7 14. Nc4 Qf6 15. Ne3
c6 16. dxe5 dxe5 17. Nf5 Ne7 18. Nxe7+ Rxe7 19. Qe2 Be6 20. Be3 Bxe3 21. Qxe3
Ng5 1/2-1/2

[Event "28th Chicago Open"]
[Site "Chicago"]
[Date "2019.05.25"]
[Round "4"]
[White "Chen, Qi b"]
[Black "Gabuzyan, Hovhannes"]
[Result "1/2-1/2"]
[WhiteElo "2431"]
[BlackElo "2613"]
[PlyCount "53"]
[EventDate "2019.05.??"]
[EventType "swiss"]
[EventRounds "9"]
[EventCountry "USA"]

1. e4 c5 2. Nf3 d6 3. d4 cxd4 4. Nxd4 Nf6 5. Nc3 a6 6. h3 e5 7. Nde2 h5 8. Nd5
Nxd5 9. Qxd5 Nc6 10. Qd1 Be6 11. Nc3 Rc8 12. Be2 Nd4 13. Bd3 Be7 14. Nd5 Bg5
15. O-O Bxc1 16. Rxc1 Qg5 17. Kh1 Rh6 18. f4 exf4 19. Nxf4 Nc6 20. Be2 h4 21.
Nxe6 Rxe6 22. Bg4 Rg6 23. Rf5 Qe3 24. Rf3 Qg5 25. Rf5 Qe3 26. Rf3 Qg5 27. Rf5
1/2-1/2

[Event "28th Chicago Open"]
[Site "Chicago"]
[Date "2019.05.25"]
[Round "4"]
[White "Shimanov, Aleksandr"]
[Black "Schmakel, Sam"]
[Result "1-0"]
[WhiteElo "2614"]
[BlackElo "2437"]
[PlyCount "81"]
[EventDate "2019.05.??"]
[EventType "swiss"]
[EventRounds "9"]
[EventCountry "USA"]

1. g3 g6 2. Bg2 Bg7 3. e4 c5 4. Nc3 Nc6 5. d3 d6 6. f4 Nf6 7. h3 Rb8 8. a4 O-O
9. Nf3 a6 10. O-O b5 11. axb5 axb5 12. Be3 b4 13. Ne2 Bb7 14. g4 Nd7 15. Rb1
Ra8 16. c3 Qc7 17. g5 bxc3 18. bxc3 Ra2 19. h4 Na5 20. c4 Nxc4 21. dxc4 Bxe4
22. Rc1 Rb8 23. Nc3 Bxc3 24. Rxc3 Rbb2 25. Rf2 Qb7 26. Rc1 Rxf2 27. Bxf2 Qb2
28. Qe1 Nb6 29. Nh2 Bxg2 30. Kxg2 Qd4 31. Kg3 Ra3+ 32. Kg2 Qxf4 33. Qxe7 Qxc1
34. Qd8+ Kg7 35. Qf6+ Kf8 36. Qd8+ Kg7 37. Qf6+ Kf8 38. Qxd6+ Ke8 39. Ng4 Nd7
40. Nf6+ Nxf6 41. gxf6 1-0

[Event "28th Chicago Open"]
[Site "Chicago"]
[Date "2019.05.25"]
[Round "4"]
[White "Colas, Joshua"]
[Black "Shabalov, Alexander"]
[Result "1/2-1/2"]
[WhiteElo "2304"]
[BlackElo "2528"]
[PlyCount "97"]
[EventDate "2019.05.??"]
[EventType "swiss"]
[EventRounds "9"]
[EventCountry "USA"]

1. Nf3 c5 2. c4 Nc6 3. b3 e5 4. Bb2 d6 5. g3 g6 6. Bg2 Bg7 7. O-O Nh6 8. e3 O-O
9. Nc3 Bf5 10. d3 Qd7 11. Re1 Bh3 12. Bh1 Bg4 13. Nd5 f5 14. Qc2 f4 15. exf4
exf4 16. Bxg7 Qxg7 17. gxf4 Nf5 18. Qd2 Qh6 19. Ng5 Qh4 20. f3 Bh5 21. Qf2 h6
22. Qxh4 Nxh4 23. Ne6 Rf7 24. Kf2 Kh8 25. Re3 Rg8 26. Rg1 a5 27. a3 Nf5 28. Re4
Ncd4 29. Nxd4 Nxd4 30. h4 Nxb3 31. Re6 Rd8 32. f5 Nd4 33. fxg6 Nxe6 34. gxf7
Bxf7 35. f4 Rf8 36. Be4 Be8 37. f5 Ng7 38. Ke3 Nxf5+ 39. Bxf5 Rxf5 40. Rg8+
Kxg8 41. Ne7+ Kf7 42. Nxf5 Ke6 43. Nxh6 Bh5 44. Kf4 Be2 45. Ke3 Bd1 46. Kf4 Be2
47. Ke3 Bh5 48. Kf4 Bg6 49. Ke3 1/2-1/2

[Event "28th Chicago Open"]
[Site "Chicago"]
[Date "2019.05.25"]
[Round "4"]
[White "Homa, Seth"]
[Black "Wang, Justin"]
[Result "1/2-1/2"]
[WhiteElo "2245"]
[BlackElo "2434"]
[PlyCount "62"]
[EventDate "2019.05.??"]
[EventType "swiss"]
[EventRounds "9"]
[EventCountry "USA"]

1. c4 Nf6 2. Nc3 e5 3. Nf3 Nc6 4. e3 Bb4 5. Qc2 d6 6. d3 Bf5 7. Bd2 O-O 8. a3
Ba5 9. b4 Bb6 10. Be2 Re8 11. O-O e4 12. dxe4 Nxe4 13. Bd3 Nxd2 14. Nxd2 Bxd3
15. Qxd3 Ne5 16. Qe2 c6 17. Rfd1 Qe7 18. Rac1 Rad8 19. Nf3 Bc7 20. Nd4 Bb8 21.
e4 a6 22. g3 Ba7 23. Kg2 g6 24. Rc2 h5 25. Rcd2 Ng4 26. f3 Nf6 27. Qd3 h4 28.
Re2 Nd7 29. Ree1 Qf6 30. f4 Nf8 31. Nf3 Ne6 1/2-1/2